Fußballclubs erraten #3 - Statistiken

Allgemein
  • Dieses Quiz wurde 33 mal gespielt
  • Das Durchschnittsergebnis liegt bei 5 aus 10
Antwortstatistiken
Fußball-Club % Korrekt
VfB Stuttgart
73%
SC Freiburg
60%
1. FC Heidenheim 1846
50%
SSV Ulm 1846
50%
Erzgebirge Aue
47%
Borussia 09 Dortmund
43%
Hansa Rostock
40%
Karlsruher SC
40%
Jahn Regensburg
37%
Arminia Bielefeld
23%
Keine übereinstimmenden Quizze gefunden
Verteilung der Resultate
Anzahl Personen mit jedem Resultat
Perzentil nach korrekt beantworteten Fragen
Ihre Resultats-Entwicklung
Sie haben dieses Quiz noch nicht gespielt